00655 2200181 4500245005500000020002200055250001100077100001600088700000900104650002000113005001900133260003000152041001400182084001100196300002900207500022800236336000900464 aPada Senja yang Membawamu PergicBoy ChandrahText a978-979-780-923-2 aCet. 1 aBoy Chandra aeNHa aNovel Indonesia a20231003135344 aJakartabGagasMediac2016 aIndonesia a808.83 aviii, 248 hlm. :c19 cm. aKatamu, setiap perasaan yang tumbuh adalah sebuah alasan.Alasan bahwa hati patut dipertahankan.Namaun,cinta saja belum cukup menyatukan mimpi yang berbeda diantara kita.Dan,menetapi janji ternyata tak semudah mengucapkannya atext